Science - Physics | 0 | 7 | 0 | 0 | 70 | 70 | 90.00 | 0 | 1 |
Science - Chemistry | 2 | 3 | 0 | 0 | 60 | 12 | 75.60 | 0 | 1 |
Science - Biology | 1 | 3 | 0 | 0 | 45 | 60 | 101.50 | 0 | 0 |
Other - Other Academic and General Knowledge | 1 | 2 | 0 | 0 | 35 | 58 | 95.33 | 1 | 1 |
RMP - Greco-Roman Mythology | 1 | 2 | 0 | 0 | 35 | 25 | 88.67 | 0 | 1 |
Science - Math | 0 | 3 | 0 | 0 | 30 | 87 | 108.67 | 0 | 0 |
Science - Computer Science | 0 | 2 | 0 | 0 | 20 | 45 | 80.00 | 0 | 1 |
RMP - World Mythology | 0 | 2 | 0 | 0 | 20 | 82 | 91.00 | 0 | 0 |
History - World | 0 | 1 | 0 | 0 | 10 | 90 | 90.00 | 0 | 0 |
Literature - European | 0 | 1 | 0 | 0 | 10 | 126 | 126.00 | 0 | 0 |
Geography - World | 0 | 1 | 0 | 0 | 10 | 117 | 117.00 | 0 | 0 |
Science - Astronomy | 0 | 1 | 0 | 0 | 10 | 105 | 105.00 | 0 | 0 |
History - European | 0 | 1 | 0 | 0 | 10 | 120 | 120.00 | 0 | 0 |
Science - Earth | 0 | 1 | 0 | 0 | 10 | 71 | 71.00 | 0 | 0 |
History - American | 0 | 0 | 0 | 0 | 0 | | 0.00 | 0 | 0 |
Literature - World and Miscellaneous | 0 | 0 | 0 | 0 | 0 | | 0.00 | 0 | 0 |
Geography - Europe | 0 | 0 | 0 | 0 | 0 | | 0.00 | 0 | 0 |
Literature - American | 0 | 0 | 0 | 0 | 0 | | 0.00 | 0 | 0 |
Literature - British | 0 | 0 | 0 | 0 | 0 | | 0.00 | 0 | 0 |